[Event "Dyfed Open"]
[Site "?"]
[Date "2018.02.17"]
[Round "3"]
[White "Jukes, Sam"]
[Black "Greatorex, Roger"]
[Result "1/2-1/2"]
[WhiteElo "1762"]
[BlackElo "1722"]
[PlyCount "173"]
[EventDate "2018.??.??"]

1. e4 g6 2. d4 d6 3. Nf3 Bg7 4. Be2 a6 5. O-O b5 6. Re1 Bb7 7. Bf1 Nd7 8. c4
Ngf6 9. Nc3 b4 10. Nd5 Nxd5 11. cxd5 O-O 12. Bc4 Nb6 13. Bb3 a5 14. a4 Rc8 15.
Qd3 c6 16. dxc6 Bxc6 17. Be3 Bd7 18. Re2 Bg4 19. Qb5 Bxf3 20. gxf3 Nd7 21. Rc2
Rxc2 22. Bxc2 e5 23. Rd1 exd4 24. Bxd4 Bxd4 25. Rxd4 Ne5 26. Bd1 Qf6 27. Qd5
Rc8 28. Qxd6 Qxd6 29. Rxd6 Rc1 30. Kg2 Nc4 31. Rd8+ Kg7 32. b3 Nb2 33. Be2 Rc3
34. Bc4 Nxc4 35. bxc4 Rxc4 36. Rb8 b3 37. Rxb3 Rxa4 38. Rb6 Ra1 39. Ra6 a4 40.
f4 a3 41. Kf3 a2 42. e5 Kf8 43. Ra7 Ke8 44. Ke2 Kd8 45. Kf3 Kc8 46. Ra3 Kb7 47.
Ra4 Kb6 48. Ra3 Kb5 49. Ra8 Kc4 50. Rc8+ Kd3 51. Rd8+ Kc2 52. Rc8+ Kd1 53. Ra8
Ke1 54. Ra6 Kf1 55. h4 Kg1 56. Ra3 Kh2 57. Ke2 Kg2 58. Rg3+ Kh2 59. Ra3 h5 60.
Kf3 Kh3 61. f5 gxf5 62. Kf4+ Kg2 63. Kxf5 Kxf2 64. Kf6 Kg2 65. Kg5 Kf2 66. Kxh5
Ke2 67. Rg3 Rf1 68. Rg2+ Rf2 69. Rg1 Rf5+ 70. Kg4 Rf1 71. Rg2+ Rf2 72. Rg1 Ke3
73. Kg3 Rb2 74. Ra1 Ke4 75. Re1+ Kf5 76. Ra1 Kxe5 77. Kf3 Kf5 78. Kg3 Rb3+ 79.
Kg2 Ra3 80. Kf2 Kg4 81. Kg2 Kxh4 82. Kf2 Kg4 83. Ke2 f5 84. Kf2 Kf4 85. Kg2 Ke3
86. Kf1 Kd2 87. Kg2 1/2-1/2

[Event "Dyfed Open"]
[Site "?"]
[Date "2018.02.17"]
[Round "3"]
[White "Whale, Michael"]
[Black "Orton, Paul"]
[Result "1-0"]
[WhiteElo "1743"]
[BlackElo "1608"]
[PlyCount "97"]
[EventDate "2018.??.??"]

1. e4 e5 2. Nf3 Nc6 3. Bb5 a6 4. Ba4 Nf6 5. Bxc6 dxc6 6. d3 Bd6 7. Nc3 O-O 8.
Bg5 h6 9. Bd2 Re8 10. Qe2 Be6 11. O-O-O c5 12. h3 b5 13. g4 b4 14. Nb1 Bxa2 15.
g5 hxg5 16. Bxg5 Be6 17. Rdg1 g6 18. h4 Kg7 19. h5 Rh8 20. h6+ Kh7 21. Bh4 Kg8
22. Ng5 Rxh6 23. Nxe6 fxe6 24. Nd2 Be7 25. Nf3 Qd6 26. Bg3 Rxh1 27. Rxh1 Nd7
28. Qe3 Bf6 29. Qh6 Nf8 30. Qh2 Qe7 31. Nxe5 Qg7 32. Nc4 Rc8 33. e5 Bg5+ 34. f4
Be7 35. Bh4 Bxh4 36. Qxh4 Qh7 37. Qe1 Qf7 38. Rf1 Re8 39. Ne3 Nd7 40. Ng4 Kg7
41. Ne3 Rh8 42. Qg3 Kf8 43. Rg1 Rg8 44. Ng4 Ke8 45. Nh6 Qh7 46. Nxg8 Qxg8 47.
Qxg6+ Qxg6 48. Rxg6 Kf7 49. Rh6 1-0

[Event "Dyfed Open"]
[Site "?"]
[Date "2018.02.17"]
[Round "3"]
[White "Hurn, Robert AJ"]
[Black "Francis, Matthew"]
[Result "0-1"]
[WhiteElo "1592"]
[BlackElo "1694"]
[PlyCount "84"]
[EventDate "2018.??.??"]

1. d4 d5 2. c4 c6 3. Nc3 Nf6 4. e3 a6 5. Nf3 Bg4 6. Qb3 b5 7. cxd5 cxd5 8. Ne5
e6 9. Bd3 Bd6 10. O-O O-O 11. Bd2 Nbd7 12. f4 Nb6 13. Nxg4 Nxg4 14. h3 Nf6 15.
Be1 Nc4 16. Bxc4 bxc4 17. Qc2 Qb6 18. Bh4 Nd7 19. Nd1 f6 20. Be1 Qd8 21. Bc3 f5
22. Be1 Qe8 23. Qe2 Nf6 24. Nc3 Qf7 25. Rb1 Rfb8 26. Bd2 a5 27. Qd1 Qd7 28. Bc1
Bb4 29. Bd2 Bxc3 30. Bxc3 Ne4 31. Qc2 a4 32. Rfc1 Rb7 33. b3 axb3 34. axb3 cxb3
35. Rxb3 Rc7 36. Qb2 Rac8 37. Qa3 Qd8 38. Bb2 Rxc1+ 39. Bxc1 Qh4 40. Rb1 Qf2+
41. Kh2 Rc2 42. Rb2 Qxg2# 0-1

[Event "Dyfed Open"]
[Site "?"]
[Date "2018.02.17"]
[Round "3"]
[White "Jones, Dewi"]
[Black "Buttell, David"]
[Result "0-1"]
[WhiteElo "1512"]
[BlackElo "1782"]
[PlyCount "86"]
[EventDate "2018.??.??"]

1. e4 c5 2. Nc3 Nc6 3. f4 g6 4. Nf3 Bg7 5. Bc4 e6 6. f5 Nge7 7. fxg6 hxg6 8. d3
a6 9. a3 b5 10. Ba2 Nd4 11. Nxd4 cxd4 12. Ne2 Nc6 13. Bf4 Qe7 14. Qd2 e5 15.
Bg3 Bh6 16. Qd1 Be3 17. Bf2 Bxf2+ 18. Kxf2 Qf6+ 19. Ke1 Qh4+ 20. g3 Qh7 21. Qd2
Qh6 22. Qxh6 Rxh6 23. Kd2 Nd8 24. Raf1 d6 25. Rf6 Ke7 26. Rf2 Be6 27. Bxe6 Nxe6
28. Rhf1 Rh7 29. h4 Rah8 30. Rf6 Nf4 31. R6xf4 exf4 32. Nxf4 g5 33. Nd5+ Kd8
34. hxg5 Rh2+ 35. Kd1 Rg2 36. Nb4 Rhh2 37. Nxa6 Rd2+ 38. Kc1 Rxc2+ 39. Kd1 Rxb2
40. Kc1 Ra2 41. Kb1 Rxa3 42. Rxf7 Rxd3 43. g6 Rd1# 0-1

[Event "Dyfed Open"]
[Site "?"]
[Date "2018.02.17"]
[Round "3"]
[White "Denham, Colin"]
[Black "Howell, Alun"]
[Result "1/2-1/2"]
[WhiteElo "1653"]
[BlackElo "1691"]
[PlyCount "110"]
[EventDate "2018.??.??"]

1. e4 c5 2. Nf3 d6 3. d4 cxd4 4. Nxd4 Nf6 5. Nc3 a6 6. Bd3 e5 7. Nde2 Be6 8.
O-O Nc6 9. a3 Be7 10. Ng3 O-O 11. Bd2 b5 12. b4 Rc8 13. Kh1 Qd7 14. f3 d5 15.
exd5 Nxd5 16. Nxd5 Bxd5 17. f4 Bf6 18. Bf5 Be6 19. Bxe6 Qxe6 20. Ne4 Rfd8 21.
Nxf6+ Qxf6 22. Qg4 Nd4 23. fxe5 Qxe5 24. Rae1 Qc7 25. Bg5 Rd7 26. Rd1 Ne6 27.
Bh6 Rxd1 28. Rxd1 Rd8 29. Rxd8+ Qxd8 30. Bc1 Qf6 31. Qe2 h6 32. h3 Qd4 33. Kh2
Kf8 34. Qf3 Qe5+ 35. g3 f6 36. Qa8+ Kf7 37. Qb7+ Kg6 38. Qf3 Nd4 39. Qg4+ Kh7
40. Qd1 Qe4 41. h4 Qxc2+ 42. Qxc2+ Nxc2 43. Kh3 Kg6 44. Kg4 h5+ 45. Kf4 Nd4 46.
Bb2 Ne6+ 47. Ke4 Kf7 48. Kd5 Ke7 49. Kc6 g5 50. hxg5 fxg5 51. Be5 h4 52. gxh4
gxh4 53. Kb6 h3 54. Kxa6 Nd4 55. Kb6 Ke6 1/2-1/2

[Event "Dyfed Open"]
[Site "?"]
[Date "2018.02.17"]
[Round "3"]
[White "Morgans, Justin"]
[Black "Miller, John S"]
[Result "1/2-1/2"]
[WhiteElo "1668"]
[BlackElo "1648"]
[PlyCount "115"]
[EventDate "2018.??.??"]

1. d4 Nf6 2. c4 g6 3. Nf3 Bg7 4. Nc3 O-O 5. e4 d6 6. Be2 a6 7. O-O Ne8 8. Be3
Nc6 9. Qd2 e5 10. d5 Ne7 11. Bg5 f5 12. exf5 gxf5 13. h4 f4 14. Ne4 h6 15. Bxe7
Qxe7 16. g3 Bf5 17. Bd3 Bg4 18. Nh2 Bh3 19. Rfe1 Nf6 20. Bf1 Nxe4 21. Rxe4 Bf5
22. Qxf4 Qd7 23. Qe3 Bxe4 24. Qxe4 Qf5 25. Qxf5 Rxf5 26. Bh3 Rff8 27. Be6+ Kh8
28. Re1 h5 29. Re4 Rf6 30. Kg2 Raf8 31. f3 Bh6 32. g4 Rf4 33. g5 Bg7 34. Kg3
Rxe4 35. fxe4 b5 36. cxb5 axb5 37. Bf5 Ra8 38. a3 Ra4 39. Nf3 b4 40. axb4 Rxb4
41. Bg6 Rc4 42. b3 Rc3 43. Bxh5 Rxb3 44. Bg6 Rc3 45. h5 c5 46. dxc6 Rxc6 47. h6
Bf8 48. Bf7 Rc3 49. Kg4 Kh7 50. Be6 Bxh6 51. gxh6 Kxh6 52. Ng5 Rc1 53. Nf7+ Kg7
54. Nxd6 Rc6 55. Nf5+ Kf6 56. Bd5 Rc1 57. Ng3 Rg1 58. Kh4 1/2-1/2

[Event "Dyfed Open"]
[Site "?"]
[Date "2018.02.17"]
[Round "3"]
[White "Jones, Gavin"]
[Black "Andrews, Norman G"]
[Result "0-1"]
[WhiteElo "1658"]
[BlackElo "1642"]
[PlyCount "78"]
[EventDate "2018.??.??"]

1. e4 c5 2. Nc3 g6 3. g3 Nc6 4. Bg2 Bg7 5. Nge2 d6 6. O-O Nf6 7. h3 O-O 8. d3
Nd7 9. f4 Nd4 10. Kh2 f5 11. Nd5 Nxe2 12. Qxe2 e6 13. Ne3 Nb6 14. c3 Bd7 15.
exf5 exf5 16. Bxb7 Rb8 17. Qg2 Re8 18. Bf3 Bb5 19. Rd1 Ba4 20. Rg1 Nd7 21. Nd5
Bb5 22. Qc2 Nf6 23. Be3 Kh8 24. Rge1 a6 25. Bf2 Nxd5 26. Bxd5 Qc7 27. Qd2 Bc6
28. Bb3 a5 29. d4 a4 30. Rxe8+ Rxe8 31. Bd1 Qe7 32. d5 Bd7 33. Bf3 Bf6 34. h4
h5 35. Qd3 Qf7 36. Qa6 Qf8 37. Rc1 Ra8 38. Qc4 Rb8 39. Rc2 Bb5 0-1

[Event "Dyfed Open"]
[Site "?"]
[Date "2018.02.18"]
[Round "4"]
[White "Waddington, Mike P"]
[Black "Turner, Matthew J"]
[Result "0-1"]
[WhiteElo "2086"]
[BlackElo "2536"]
[PlyCount "88"]
[EventDate "2018.??.??"]

1. c4 e6 2. Nc3 d5 3. e3 Nf6 4. Nf3 Be7 5. b3 O-O 6. Bb2 c6 7. Qc2 b6 8. d4 Bb7
9. Bd3 dxc4 10. bxc4 c5 11. d5 exd5 12. cxd5 Na6 13. a3 c4 14. Bxc4 Rc8 15. Qe2
Nc5 16. Rd1 Nfe4 17. Nxe4 Nxe4 18. O-O Bf6 19. Bxf6 Qxf6 20. Rd4 Nc3 21. Qd3 b5
22. Bb3 a5 23. Re1 Qd6 24. a4 Ba6 25. Bc2 g6 26. Qd2 b4 27. e4 f6 28. Bb3 Rfe8
29. e5 fxe5 30. Rh4 Rc7 31. Qh6 Ree7 32. g3 Bb7 33. Rxe5 Rxe5 34. Nxe5 Ne2+ 35.
Kf1 Rc1+ 36. Kxe2 Qxe5+ 37. Kf3 Bxd5+ 38. Bxd5+ Qxd5+ 39. Ke2 Qd1+ 40. Ke3 Rc3+
41. Ke4 Qf3+ 42. Kd4 Rd3+ 43. Kc5 Rd5+ 44. Kb6 Qf6+ 0-1

[Event "Dyfed Open"]
[Site "?"]
[Date "2018.02.18"]
[Round "4"]
[White "Musson, Adam J"]
[Black "Young, Alan"]
[Result "1-0"]
[WhiteElo "2020"]
[BlackElo "2036"]
[PlyCount "67"]
[EventDate "2018.??.??"]

1. Nf3 d5 2. g3 Nf6 3. Bg2 c5 4. O-O Nc6 5. d4 e6 6. c4 Be7 7. cxd5 exd5 8. Nc3
O-O 9. dxc5 Bxc5 10. Na4 Be7 11. Be3 Ne4 12. Rc1 Qa5 13. a3 Bd7 14. Nc3 Nxc3
15. Rxc3 Be6 16. Nd4 Nxd4 17. Bxd4 Rac8 18. Qd3 Rc4 19. Rd1 Rd8 20. Qe3 b5 21.
Rcd3 Rd7 22. Bc3 Qd8 23. Qd2 Rcc7 24. Ba5 Qc8 25. Bxc7 Rxc7 26. Bxd5 g6 27. Qf4
Bxd5 28. Rxd5 a6 29. h4 Rc4 30. e4 Qe6 31. Qe5 Qxe5 32. Rxe5 Bf6 33. Re8+ Kg7
34. e5 1-0

[Event "Dyfed Open"]
[Site "?"]
[Date "2018.02.18"]
[Round "4"]
[White "Rayner, Francis"]
[Black "Jones, Iolo C"]
[Result "1-0"]
[WhiteElo "2043"]
[BlackElo "2206"]
[PlyCount "81"]
[EventDate "2018.??.??"]

1. Nf3 Nf6 2. c4 e6 3. g3 c5 4. Bg2 d5 5. cxd5 exd5 6. d4 Nc6 7. O-O h6 8. Nc3
Be6 9. b3 Be7 10. Bb2 O-O 11. Rc1 Qa5 12. dxc5 Bxc5 13. a3 Be7 14. b4 Qd8 15.
Nd4 Rc8 16. Nxe6 fxe6 17. Bh3 Kf7 18. Na4 b6 19. e3 Qd7 20. Nc3 Ne5 21. Ba1 Nc4
22. Ne2 Ne4 23. Nf4 Rc6 24. Rxc4 Rxc4 25. Bxe6+ Qxe6 26. Nxe6 Kxe6 27. Qg4+ Rf5
28. Qxg7 Nd2 29. Qg6+ Bf6 30. Bxf6 Rxf6 31. Qg8+ Kd6 32. Rd1 Rc2 33. Qd8+ Ke6
34. Kg2 Rf5 35. Qe8+ Kf6 36. Qf8+ Kg6 37. Qd6+ Kg7 38. Qe7+ Kg6 39. Qe6+ Rf6
40. Qxd5 Nc4 41. Qd3+ 1-0

[Event "Dyfed Open"]
[Site "?"]
[Date "2018.02.18"]
[Round "4"]
[White "Williams, A. Howard"]
[Black "Bourne, Johnathan D"]
[Result "1-0"]
[WhiteElo "2274"]
[BlackElo "1957"]
[PlyCount "111"]
[EventDate "2018.??.??"]

1. d4 Nf6 2. c4 g6 3. Nc3 Bg7 4. Nf3 d6 5. Bg5 h6 6. Bh4 O-O 7. e3 c5 8. Be2
Bf5 9. O-O Nbd7 10. Rc1 g5 11. Bg3 Ne4 12. Bd3 Nxg3 13. hxg3 Bxd3 14. Qxd3 cxd4
15. Nxd4 Ne5 16. Qe2 Qd7 17. Rfd1 Rac8 18. b3 Nc6 19. Nf3 Ne5 20. Nd5 e6 21.
Nxe5 Bxe5 22. Nb4 Qe7 23. Nd3 Bg7 24. e4 Rfd8 25. Qe3 b6 26. b4 Qb7 27. b5 a5
28. a4 Qc7 29. Kh2 Bf6 30. f4 Kg7 31. Rf1 Re8 32. f5 exf5 33. Rxf5 Re6 34. Qf2
Bd8 35. e5 dxe5 36. c5 Qe7 37. c6 Bc7 38. Qe3 e4 39. Nf2 Rd8 40. Rd1 Rxd1 41.
Nxd1 Re5 42. Qd4 Kg6 43. Rxe5 Qxe5 44. Qxe5 Bxe5 45. Ne3 h5 46. Nd5 h4 47. c7
Bxg3+ 48. Kg1 Bxc7 49. Nxc7 g4 50. Nd5 Kf5 51. Nxb6 e3 52. Nc4 e2 53. Kf2 h3
54. gxh3 gxh3 55. Ne3+ Kg5 56. Nc2 1-0

[Event "Dyfed Open"]
[Site "?"]
[Date "2018.02.18"]
[Round "4"]
[White "Richmond, Jane"]
[Black "May, Adam J"]
[Result "1-0"]
[WhiteElo "2097"]
[BlackElo "1951"]
[PlyCount "65"]
[EventDate "2018.??.??"]

1. e4 c6 2. Ne2 d5 3. e5 d4 4. c3 c5 5. Ng3 Qd5 6. Bb5+ Bd7 7. Bxd7+ Nxd7 8. f4
Qxg2 9. d3 h5 10. Rf1 Qd5 11. Qe2 h4 12. Ne4 Nh6 13. Nbd2 Nf5 14. Nf3 g6 15.
cxd4 cxd4 16. Bd2 Rc8 17. Kf2 Bg7 18. Rac1 O-O 19. b3 a6 20. Rg1 Rfd8 21. Neg5
e6 22. Bb4 Nb6 23. Qe4 Qd7 24. Ba5 Rxc1 25. Rxc1 Qb5 26. Qxb7 Qxa5 27. Qxf7+
Kh8 28. Qxg6 Qxa2+ 29. Kg1 Kg8 30. Qxe6+ Kh8 31. Qxf5 Kg8 32. Qe6+ Kh8 33. Nf7+
1-0

[Event "Dyfed Open"]
[Site "?"]
[Date "2018.02.18"]
[Round "4"]
[White "Waterfield, John W"]
[Black "May, Frank"]
[Result "1/2-1/2"]
[WhiteElo "1919"]
[BlackElo "2096"]
[PlyCount "28"]
[EventDate "2018.??.??"]

1. e4 Nf6 2. Nc3 e6 3. e5 Nd5 4. Nxd5 exd5 5. d4 d6 6. f4 c5 7. Nf3 Nc6 8. c3
dxe5 9. fxe5 cxd4 10. cxd4 Bb4+ 11. Bd2 O-O 12. Be2 Bxd2+ 13. Qxd2 f6 14. O-O
fxe5 1/2-1/2

[Event "Dyfed Open"]
[Site "?"]
[Date "2018.02.18"]
[Round "4"]
[White "Heap, Gerry"]
[Black "Morcom, Huw"]
[Result "0-1"]
[WhiteElo "2086"]
[BlackElo "1913"]
[PlyCount "60"]
[EventDate "2018.??.??"]

1. c4 Nf6 2. Nc3 d6 3. g3 g6 4. Bg2 Bg7 5. d3 O-O 6. e4 c6 7. Nge2 Na6 8. Rb1
Nc7 9. b4 d5 10. cxd5 cxd5 11. e5 Nfe8 12. d4 Bf5 13. Rb2 Rc8 14. Nf4 f6 15.
exf6 Nxf6 16. Qb3 Nb5 17. Nxb5 Rxc1+ 18. Ke2 Rxh1 19. Bxh1 Qb6 20. Nc3 Qxd4 21.
Rd2 Qe5+ 22. Kf1 e6 23. Re2 Qd6 24. Na4 g5 25. Nd3 Bxd3 26. Qxd3 Qxb4 27. Nc3
Ng4 28. Nxd5 exd5 29. Qxd5+ Kh8 30. Qxg5 Qc4 0-1

[Event "Dyfed Open"]
[Site "?"]
[Date "2018.02.18"]
[Round "4"]
[White "Haigh, Tony"]
[Black "French, Max"]
[Result "0-1"]
[WhiteElo "1799"]
[BlackElo "1997"]
[PlyCount "64"]
[EventDate "2018.??.??"]

1. d4 Nf6 2. Bg5 c5 3. Bxf6 gxf6 4. d5 Qb6 5. Qc1 f5 6. e3 Bg7 7. c3 d6 8. g3
Nd7 9. Nd2 Ne5 10. Qc2 e6 11. dxe6 fxe6 12. O-O-O Qc6 13. e4 O-O 14. f3 b5 15.
Bg2 c4 16. Nh3 Nd3+ 17. Kb1 fxe4 18. Nxe4 e5 19. Nhf2 d5 20. Nxd3 cxd3 21. Qb3
Kh8 22. Nd2 Be6 23. Rhe1 d4 24. Qa3 b4 25. cxb4 Qc2+ 26. Ka1 a5 27. bxa5 Rfb8
28. Bf1 Rxa5 29. Bxd3 Rxa3 30. Bxc2 Rxa2+ 31. Kb1 Rbxb2+ 32. Kc1 Rxc2+ 0-1

[Event "Dyfed Open"]
[Site "?"]
[Date "2018.02.18"]
[Round "4"]
[White "Van Kemenade, Rudy"]
[Black "Moore, Robert"]
[Result "1-0"]
[WhiteElo "1981"]
[BlackElo "1840"]
[PlyCount "67"]
[EventDate "2018.??.??"]

1. f4 d5 2. Nf3 c5 3. g3 Nf6 4. Bg2 Nc6 5. O-O e6 6. d3 Be7 7. c3 O-O 8. Qc2 b5
9. e4 Qb6 10. e5 Nd7 11. a4 a5 12. axb5 Qxb5 13. Na3 Qb6 14. c4 Nb4 15. Qe2 Ba6
16. g4 Rad8 17. f5 exf5 18. gxf5 Rfe8 19. Qd1 dxc4 20. Nxc4 Bxc4 21. dxc4 Nxe5
22. Qa4 Nxf3+ 23. Bxf3 Qd6 24. Qxa5 Qd4+ 25. Kh1 Qxc4 26. Be3 Nc2 27. Rac1 Rc8
28. Bb7 Rb8 29. Qc7 Kf8 30. f6 Bxf6 31. Rxf6 Rbc8 32. Qd6+ Re7 33. Bd5 Qe2 34.
Rxf7+ 1-0

[Event "Dyfed Open"]
[Site "?"]
[Date "2018.02.18"]
[Round "4"]
[White "Brown, Thomas"]
[Black "Fowler, Hugo"]
[Result "1-0"]
[WhiteElo "2085"]
[BlackElo "1786"]
[PlyCount "61"]
[EventDate "2018.??.??"]

1. d4 Nf6 2. c4 g6 3. Nc3 d5 4. cxd5 Nxd5 5. e4 Nxc3 6. bxc3 Bg7 7. Be3 c5 8.
Rc1 O-O 9. Nf3 Nc6 10. d5 Ne5 11. Nxe5 Bxe5 12. f4 Bg7 13. Bxc5 Qc7 14. Be3
Bxc3+ 15. Kf2 Qa5 16. Qd3 Bg7 17. Qd2 Qxd2+ 18. Bxd2 Rd8 19. Bb4 e6 20. Be7 Re8
21. d6 Bd4+ 22. Kf3 Bd7 23. Rc7 Bc6 24. Ba6 Bb6 25. Bxb7 Bxc7 26. Bxc6 Bb6 27.
Bxa8 Rxa8 28. Rb1 f5 29. Rxb6 axb6 30. d7 fxe4+ 31. Kxe4 1-0

[Event "Dyfed Open"]
[Site "?"]
[Date "2018.02.18"]
[Round "4"]
[White "Zeidler, Sven P"]
[Black "Leah, Howard"]
[Result "1-0"]
[WhiteElo "2165"]
[BlackElo "1467"]
[PlyCount "51"]
[EventDate "2018.??.??"]

1. e4 c5 2. f4 d5 3. exd5 Qxd5 4. Nc3 Qd8 5. Nf3 a6 6. Ne5 Nf6 7. a4 b6 8. Bc4
e6 9. Qe2 Bd6 10. O-O O-O 11. d3 Qc7 12. Ng4 Nxg4 13. Qxg4 f5 14. Qe2 Rf6 15.
Nd5 exd5 16. Bxd5+ Kh8 17. Bxa8 Bb7 18. Bxb7 Qxb7 19. Bd2 Qf7 20. Bc3 Re6 21.
Qf3 h6 22. Qd5 Qe7 23. Rae1 Rxe1 24. Rxe1 Qf8 25. Qb7 b5 26. Re8 1-0

[Event "Dyfed Open"]
[Site "?"]
[Date "2018.02.18"]
[Round "4"]
[White "Greatorex, Roger"]
[Black "Miles, Richard"]
[Result "1/2-1/2"]
[WhiteElo "1722"]
[BlackElo "1960"]
[PlyCount "54"]
[EventDate "2018.??.??"]

1. d4 Nf6 2. c4 g6 3. Nc3 Bg7 4. e4 d6 5. f3 O-O 6. Bg5 c5 7. d5 e6 8. Qd2 exd5
9. cxd5 Re8 10. Be2 a6 11. a4 Qa5 12. Ra3 Nbd7 13. Bb5 Qc7 14. Bxd7 Nxd7 15. a5
Ne5 16. Qe2 b5 17. axb6 Qxb6 18. Na4 Qc7 19. f4 Bg4 20. Nf3 Nxf3+ 21. gxf3 Bh3
22. Nc3 Qb6 23. Kf2 Bd4+ 24. Kg3 Bd7 25. Rha1 a5 26. R1a2 Kg7 27. Kg2 Ra7
1/2-1/2

[Event "Dyfed Open"]
[Site "?"]
[Date "2018.02.18"]
[Round "4"]
[White "Francis, Matthew"]
[Black "Taylor, Robert Graham"]
[Result "1/2-1/2"]
[WhiteElo "1694"]
[BlackElo "1906"]
[PlyCount "119"]
[EventDate "2018.??.??"]

1. d4 Nf6 2. Nf3 e6 3. e3 c5 4. Bd3 b6 5. O-O Bb7 6. Nbd2 d5 7. b3 Nbd7 8. Bb2
Be7 9. Re1 O-O 10. Ng5 h6 11. Nh3 Rc8 12. f3 Re8 13. Nf2 Qc7 14. c4 Bd6 15. Nf1
e5 16. dxe5 Nxe5 17. Bf5 Rcd8 18. Qc2 dxc4 19. e4 cxb3 20. axb3 a5 21. f4 Ng6
22. Bxg6 fxg6 23. e5 Qc6 24. Nd3 c4 25. Qxc4+ Qxc4 26. bxc4 Be7 27. exf6 gxf6
28. Rad1 Ba6 29. Nc1 Rxd1 30. Rxd1 Bxc4 31. Kh1 b5 32. Re1 Kf8 33. Nd2 a4 34.
Nxc4 bxc4 35. Na2 Rd8 36. Bc3 f5 37. g3 g5 38. Kg2 gxf4 39. gxf4 Kf7 40. Re2
Bd6 41. Rd2 Rg8+ 42. Kf3 Be7 43. Rd7 Ke6 44. Rc7 Rg1 45. Rxc4 a3 46. Be5 Rf1+
47. Kg2 Rd1 48. Rc2 h5 49. Bc3 Bd6 50. Re2+ Kd5 51. Rd2+ Rxd2+ 52. Bxd2 Kc4 53.
Nc1 a2 54. Nxa2 Kb3 55. Kh3 Be7 56. Be1 Kxa2 57. Bh4 Bc5 58. Bg5 Bf2 59. Bh4
Bc5 60. Bg5 1/2-1/2

[Event "Dyfed Open"]
[Site "?"]
[Date "2018.02.18"]
[Round "4"]
[White "Jones, Martin C"]
[Black "Whale, Michael"]
[Result "0-1"]
[WhiteElo "1769"]
[BlackElo "1743"]
[PlyCount "102"]
[EventDate "2018.??.??"]

1. e4 e5 2. Nf3 Nc6 3. d4 exd4 4. Nxd4 d6 5. Nxc6 bxc6 6. Bc4 Be6 7. Qe2 Be7 8.
Bxe6 fxe6 9. Qh5+ g6 10. Qe2 Bf6 11. c3 Bg7 12. Nd2 Ne7 13. Nf3 O-O 14. Bg5 Qd7
15. h4 h6 16. Be3 e5 17. Qd2 Qg4 18. Rg1 Rxf3 19. O-O-O Rff8 20. f3 Qe6 21. Kb1
a5 22. Bxh6 a4 23. h5 a3 24. b3 Rab8 25. Bxg7 Kxg7 26. hxg6 Nxg6 27. Rh1 Rh8
28. Kc2 Qf7 29. Qe3 Qf4 30. Qa7 Qf7 31. Rxh8 Rxh8 32. Qxa3 Rh2 33. Rd2 Nf4 34.
Qa7 Rxg2 35. Rxg2+ Nxg2 36. a4 Ne1+ 37. Kb2 Nd3+ 38. Ka3 Nc5 39. c4 Ne6 40. Qf2
c5 41. a5 c6 42. Qg3+ Kf8 43. Qh3 Ke7 44. a6 Kd8 45. Qh8+ Qe8 46. Qxe8+ Kxe8
47. Ka4 Nc7 48. Ka5 Na8 49. b4 cxb4 50. Kxb4 c5+ 51. Kb5 Kd7 0-1

[Event "Dyfed Open"]
[Site "?"]
[Date "2018.02.18"]
[Round "4"]
[White "Di-Vetta, Andrew"]
[Black "Thomas, Roy"]
[Result "1/2-1/2"]
[WhiteElo "1665"]
[BlackElo "1706"]
[PlyCount "144"]
[EventDate "2018.??.??"]

1. Nf3 e6 2. c4 Be7 3. Nc3 f5 4. d4 Nf6 5. a3 O-O 6. Qc2 d5 7. cxd5 exd5 8. Ne5
Ne4 9. f3 Nxc3 10. bxc3 Nd7 11. Nxd7 Qxd7 12. f4 b6 13. e3 Bb7 14. Bd3 c5 15.
Qf2 Rac8 16. Bd2 Bc6 17. h4 Ba4 18. O-O c4 19. Be2 Bb3 20. Bf3 Bc2 21. Rfc1 Be4
22. Bxe4 fxe4 23. Be1 Rc6 24. Kf1 Rh6 25. g3 Qg4 26. Qe2 Qd7 27. Bf2 g5 28. Ke1
gxh4 29. gxh4 Bxh4 30. Bxh4 Rxh4 31. Kd2 Rf7 32. Rg1+ Rg7 33. Rg2 Rxg2 34.
Qxg2+ Rg4 35. Qh3 Qg7 36. Re1 Rg2+ 37. Re2 Rxe2+ 38. Kxe2 Qf7 39. Qg4+ Qg6 40.
Qc8+ Kg7 41. Qd7+ Kh6 42. Kf2 Qh5 43. Qe6+ Kg7 44. Qe7+ Kg8 45. Qe6+ Qf7 46.
Qg4+ Kh8 47. Qg5 Qd7 48. Qe5+ Kg8 49. Ke1 Kf8 50. Qh8+ Ke7 51. Qxh7+ Kd8 52.
Qh8+ Kc7 53. Qe5+ Kc6 54. f5 Qd6 55. Qe8+ Kc7 56. Qe5 Kc6 57. a4 Qa3 58. Qe8+
Kc7 59. Qf7+ Kc6 60. Qe6+ Kc7 61. f6 Qxc3+ 62. Kf1 Qd3+ 63. Kg2 Qe2+ 64. Kh3
Qxe3+ 65. Kg4 Qf3+ 66. Kg5 Qg3+ 67. Kh6 Qh4+ 68. Kg7 Qg5+ 69. Kf8 c3 70. Ke8 c2
71. Qd7+ Kb8 72. Qd6+ Kb7 1/2-1/2

[Event "Dyfed Open"]
[Site "?"]
[Date "2018.02.18"]
[Round "4"]
[White "Buttell, David"]
[Black "Jansen Van Rensburg, Leon"]
[Result "1-0"]
[WhiteElo "1782"]
[BlackElo "1528"]
[PlyCount "69"]
[EventDate "2018.??.??"]

1. d4 Nf6 2. c4 c5 3. d5 b5 4. cxb5 a6 5. bxa6 Bxa6 6. Nc3 d6 7. Nf3 g6 8. g3
Bg7 9. e4 Bxf1 10. Kxf1 O-O 11. Kg2 Nbd7 12. h3 Qc7 13. Qc2 Rfb8 14. Bd2 Qb7
15. Rab1 Nb6 16. b4 c4 17. Rhe1 Nfd7 18. a4 Bxc3 19. Qxc3 Rxa4 20. Nd4 Ne5 21.
b5 Nxd5 22. exd5 Qxd5+ 23. Kg1 Rba8 24. Rxe5 dxe5 25. Nc6 Qd3 26. Qxd3 cxd3 27.
b6 Ra1 28. Rxa1 Rxa1+ 29. Kg2 Rb1 30. Nb4 Rd1 31. b7 Rxd2 32. b8=Q+ Kg7 33.
Qxe5+ Kg8 34. Qxe7 Re2 35. Qd8+ 1-0

[Event "Dyfed Open"]
[Site "?"]
[Date "2018.02.18"]
[Round "4"]
[White "Andrews, Norman G"]
[Black "Jukes, Sam"]
[Result "0-1"]
[WhiteElo "1642"]
[BlackElo "1762"]
[PlyCount "52"]
[EventDate "2018.??.??"]

1. e4 e5 2. Nf3 Nc6 3. d4 exd4 4. Bc4 Nf6 5. O-O d6 6. Ng5 Ne5 7. Qxd4 h6 8. f4
Nxc4 9. Nxf7 Kxf7 10. Qxc4+ Be6 11. Qe2 Bg4 12. Qc4+ d5 13. exd5 Qxd5 14. Qxc7+
Bd7 15. Qe5 Bc5+ 16. Kh1 Rhe8 17. Qxd5+ Nxd5 18. c4 Nb4 19. a3 Nc2 20. Ra2 Bd4
21. b3 Re2 22. Nd2 Bc6 23. Nf3 Bxf3 24. gxf3 Rc8 25. Rd1 Rc5 26. a4 Rh5 0-1

[Event "Dyfed Open"]
[Site "?"]
[Date "2018.02.18"]
[Round "4"]
[White "Owen, Neil"]
[Black "Fowler, Caspian"]
[Result "1-0"]
[WhiteElo "1760"]
[BlackElo "1370"]
[PlyCount "29"]
[EventDate "2018.??.??"]

1. g4 e5 2. Bg2 d5 3. c4 c6 4. cxd5 cxd5 5. Qb3 Ne7 6. Nc3 e4 7. d3 exd3 8.
Nxd5 dxe2 9. Bg5 Nbc6 10. Nxe2 Qd7 11. O-O-O Nxd5 12. Bxd5 Qc7 13. Nc3 Nd4 14.
Rxd4 Bc5 15. Bxf7+ 1-0

[Event "Dyfed Open"]
[Site "?"]
[Date "2018.02.18"]
[Round "4"]
[White "Probert, Malcolm"]
[Black "Van Kemenade, Julie"]
[Result "1-0"]
[WhiteElo "1601"]
[BlackElo "1692"]
[PlyCount "39"]
[EventDate "2018.??.??"]

1. Nf3 d6 2. d4 Nd7 3. g3 Ngf6 4. Bg2 e5 5. dxe5 dxe5 6. O-O c6 7. c4 Qc7 8. b3
Be7 9. Bb2 O-O 10. e3 Ne8 11. Nbd2 f5 12. Qc2 g6 13. Rad1 Bf6 14. c5 Rf7 15. b4
Nf8 16. Nc4 Re7 17. Nd6 g5 18. Nxf5 Bxf5 19. Qxf5 Ng6 20. Nxg5 1-0

[Event "Dyfed Open"]
[Site "?"]
[Date "2018.02.18"]
[Round "4"]
[White "Howell, Alun"]
[Black "Hurn, Robert AJ"]
[Result "1/2-1/2"]
[WhiteElo "1691"]
[BlackElo "1592"]
[PlyCount "46"]
[EventDate "2018.??.??"]

1. Nf3 Nf6 2. d4 d5 3. c4 dxc4 4. e3 a6 5. a4 e6 6. Bxc4 Nbd7 7. O-O b6 8. Nc3
Bb4 9. Qe2 O-O 10. Bd2 Bb7 11. Rac1 Qe7 12. Bd3 Rfc8 13. Rfd1 c5 14. Nb1 cxd4
15. Nxd4 Bxd2 16. Qxd2 Nc5 17. Nc3 Nxd3 18. Qxd3 Ng4 19. Qe2 Ne5 20. f3 Rd8 21.
Rc2 Rac8 22. Rdc1 h6 23. b3 Qd6 1/2-1/2

[Event "Dyfed Open"]
[Site "?"]
[Date "2018.02.18"]
[Round "4"]
[White "Orton, Paul"]
[Black "Morgans, Justin"]
[Result "1-0"]
[WhiteElo "1608"]
[BlackElo "1668"]
[PlyCount "109"]
[EventDate "2018.??.??"]

1. d4 f5 2. Nf3 Nf6 3. c4 e6 4. Nc3 c6 5. Qc2 d5 6. c5 Be7 7. Bf4 O-O 8. e3 Ne4
9. Be2 Nd7 10. Ne5 Bf6 11. Nxd7 Bxd7 12. Nxe4 fxe4 13. Bd6 Be7 14. Be5 Qa5+ 15.
Qc3 Qxc3+ 16. bxc3 b5 17. O-O Bd8 18. Rfb1 Bf6 19. Bd6 Rfe8 20. a4 a6 21. Ra2
e5 22. axb5 cxb5 23. Rba1 exd4 24. cxd4 Bc6 25. Rxa6 b4 26. Rxa8 Rxa8 27. Rxa8+
Bxa8 28. Bd1 Bc6 29. Bb3 Bd8 30. f3 Bg5 31. Kf2 Kf7 32. f4 Bd8 33. Ke1 Ke6 34.
Kd2 g6 35. g4 Kf6 36. Be5+ Ke6 37. Kc2 Bh4 38. Bc7 Bf2 39. Kd2 Bg1 40. h3 Bb5
41. Ba5 Bc4 42. Ba4 b3 43. c6 Bxe3+ 44. Kxe3 b2 45. c7 b1=Q 46. c8=Q+ Kf6 47.
Qh8+ Ke6 48. Qe8+ Kf6 49. Bd8+ Kg7 50. Qe5+ Kg8 51. Qe8+ Kg7 52. Qe7+ Kg8 53.
Qe6+ Kf8 54. Be7+ Kg7 55. Qf6+ 1-0